Регионална библиотека "Любен Каравелов" - Русе

Управление на икономиката (Запис номер 67639)

MARC детайли
000 -Лидер
Контролно поле с фиксирана дължина 01540nam a2200385 c 4500
003 - Код на организацията, давaща контролен номер
Контролно поле BLK
005 - Дата и час на последна редакция
Контролно поле 20180420223534.0
008 - Елементи от данни с фиксирана дължина
fixed length control field 180408b bul|||||r ||||||| ||bul||
010 ## - Наследен системен номер
LC control number KNG00071952000
020 ## - Международен стандартен номер на книга ISBN
Международен стандартен номер на книга ISBN 954-649-827-0
-- издат.: Сиела Софт енд Паблишинг
040 ## - Източник на каталожния запис
Идентификатор на билиотеката - собственик на записа BLK
041 ## - Код за език
Код за езика на текст/звукозапис или на отделно заглавие Български
Код за езика КДБФ Български
080 ## - УДК
Текстов определител УДК Управление на стопанството в условията на пазарно стопанство
УДК код - определител по УДК 338.242
УДК определител
УДК - код + определител 338.242
100 1# - Редна дума - Автор
Автор Ковачев, Асен Златков
Авторска отговорност първи автор
R(LIN) 247415
139 ## - Редно поле
Редна дума Ковачев, Асен Златков
Авторски знак Ковач - К 72
245 10 - Сведения за заглавието
Заглавие Управление на икономиката
Редно поле (дума) Асен Златков Ковачев.
250 ## - Област на изданието
Сведения за изданието 2. актуализирано и доп. изд.
257 ## - Страна на издаване
Страна на създаване/издаване България
260 ## - Област на издателските данни
-- София
Име на издателя, разпространителя и проч. Сиела Софт енд Паблишинг
Година на издаване 2005
300 ## - Физическа характеристика
Страници 310 с.
Илюстрации и др. с табл., сх.
Размери/Мащаб 23 см
380 ## - Жанр
Жанр Обществени науки
500 ## - Общи забележки
Забележка 1. изд. 2001 ; В кн. означено 3. актуализирано и доп. изд.
650 #4 - Допълнително описание по предмет – тема
Основно описание – тема или топоним Пазарно стопанство
9 (RLIN) 265868
653 ## - Ключова дума – ненормативна
Ключова дума икономика
653 ## - Ключова дума – ненормативна
Ключова дума пазарна икономика
653 ## - Ключова дума – ненормативна
Ключова дума управление
653 ## - Ключова дума – ненормативна
Ключова дума конкуренция
653 ## - Ключова дума – ненормативна
Ключова дума интеграция
653 ## - Ключова дума – ненормативна
Ключова дума устойчиво развитие
852 ## - Местоположение
Форматна сигнатура Цб 231691
856 4# - Електронен адрес и достъп
Електронен формат pdf - файл
Път до файла /url/
856 4# - Електронен адрес и достъп
Електронен формат pdf - файл
Път до файла /url/
942 ## - АРТИКУЛИ
Вид на библиотечния материал Книги
Скрит в OPAC Не
944 ## - СЪЗДАВАНЕ И РЕДАКЦИЯ на ЗАПИСА
Създаване/Редакция Създаване
Дата на регистрацията/редакция 21.02.2007
Служител, извършил регистрацията/редакцията Наталия_Медовщикова
944 ## - СЪЗДАВАНЕ И РЕДАКЦИЯ на ЗАПИСА
Създаване/Редакция Редакция
Дата на регистрацията/редакция 28.10.2008
Служител, извършил регистрацията/редакцията
999 ## - СИСТЕМНИ КОНТРОЛНИ НОМЕРА
Koha biblionumber 67639
Koha biblioitemnumber 67639
Наличности
Код за отписване Код за изгубен артикул Код за повреда Коз за рестрикции Код за отдаване Артикулен № Име на библиотеката - собственик Име на библиотеката, в която се намира в момента Статус (Текущо местоположение) Дата на вписване в системата Местоположение - отдел Цена в лева Инвентарен номер Систематично азбучна сигнатура Баркод Номер на екземпляра Цена в евро Служебна бележка Служебен тип на артикула
  Не е изгубен Не е повреден без рестрикции ползва се в читалня 111669 Регионална библиотека "Любен Каравелов" Русе Регионална библиотека "Любен Каравелов" Русе Хранилище 2007-02-22 Хранилище 14.00 120000710147 Цб 231691 120000710147 1 7.16 Дост: Dp Вид: Д N: 18 Дата: 12.04.2006 Книги
  Не е изгубен Не е повреден без рестрикции заемане за дома 111670 Регионална библиотека "Любен Каравелов" Русе Регионална библиотека "Любен Каравелов" Русе Заемна - подръчен фонд 2008-10-20 Заемна - подръчен фонд 14.00 120000730768 П 338.2/К 72 120000730768 2 7.16 Дост: Pk Вид: Ф N: 8706 Дата: 14.10.2008 Дата инв: 05.02.2018 Бележки инв: П2018 Книги
Vip Innovations Ltd, Rousse, Bulgaria 2025